| 000 | 00727nam a22002177a 4500 | ||
|---|---|---|---|
| 999 |
_c3477 _d3477 |
||
| 003 | AR-CdUCM | ||
| 008 | 190306b ||||| |||| 00| 0 spa d | ||
| 040 |
_aMUNICIPALIDAD PROVINCIAL DEL CUSCO _cBIBLIOTECA MUNICIPAL DEL CUSCO |
||
| 082 |
_a891.4 / _bP23 |
||
| 100 |
_aPanova, Vera _911437 |
||
| 245 | _aObras escogidas / | ||
| 260 |
_aMoscú : _bEditorial Progreso, _c1960. |
||
| 300 |
_a486 paginas ; _c20 cm. |
||
| 505 | _aContenido :Un poco de mi vida y mi trabajo -- Compañeros de viaje -- Seriozha -- Relatos -- Amores de verano ... | ||
| 650 |
_aNovelas rusas _92132 |
||
| 650 |
_aCuentos rusos _98368 |
||
| 650 |
_aSiglo XX _98 |
||
| 700 |
_aHerraliz, A (traductor) _911438 |
||
| 942 |
_2ddc _cLIBROS |
||
| 945 | _arum | ||